000 00371pab a2200145 454500
008 180718b1987 xxu||||| |||| 00| 0 eng d
100 _aReddy, G. Narayana
245 _aHuman Resource development for voluntary action
260 _c1987
300 _a331-5
362 _aMay
650 _aSocial Service Agencies - India
773 _aKhadi Gramodyog
909 _a18328
999 _c18328
_d18328